Music Quiz

Random Music or Artist Quiz

Audio: Songs by their Intros Quiz Stats

 Plays Quiz not verified by Sporcle

Score 0/27 Timer 20:00
0 Plays Today
Time Artist and Name of the song % Correct
00:00-00:28Michael Jackson - Billie Jean
96.4%
00:29-00:50Oasis - Wonderwall
89.1%
00:51-01:16Eminem - Lose Yourself
81.2%
01:42-01:55Van Halen - Jump
80.6%
01:56-02:22Survivor - Eye Of The Tiger
80.6%
06:08-06:20Queen - We Will Rock You
79.4%
02:23-02:40Deep Purple - Smoke On The Water
66.7%
03:02-03:16Pink Floyd - Money
64.8%
01:17-01:41Kings Of Leon - Sex On Fire
60.6%
08:16-08:343 Doors Down - Kryptonite
49.1%
03:45-04:11Coldplay - The Scientist
44.8%
09:11-09:44Scorpions - Rock You Like A Hurricane
42.4%
03:17-03:44System Of A Down - Chop Suey!
41.2%
05:00-05:20Red Hot Chili Peppers - Can't Stop
41.2%
Time Artist and Name of the song % Correct
07:10-07:34Kool & The Gang - Celebration
40.6%
04:41-04:59Hall & Oates - Maneater
38.8%
06:57-07:09George Thorogood & The Destroyers - Bad To The Bone
37.6%
06:37-06:56INXS - Need You Tonight
35.2%
08:35-08:52Metallica - The Unforgiven
29.1%
07:35-07:55Toto - Hold The Line
26.1%
06:21-06:36Donna Summer - Hot Stuff
23.6%
05:21-05:52The Pointer Sisters - I'm So Excited
21.8%
05:53-06:07Akon Feat. Colby O'Donis & Kardinal Offishall - Beautiful
13.3%
04:12-04:40AFI - Medicate
5.5%
07:56-08:15Black - Wonderful Life
4.2%
02:41-03:01Umberto Tozzi - Gloria
2.4%
08:53-09:10Johnny Clegg - Dela
1.2%

You're not logged in!

Compare scores with friends on all Sporcle quizzes.
OR
Log In

You Might Also Like...

Show Comments

Extras

Top Quizzes Today


Score Distribution

Your Account Isn't Verified!

In order to create a playlist on Sporcle, you need to verify the email address you used during registration. Go to your Sporcle Settings to finish the process.

Report this User

Report this user for behavior that violates our Community Guidelines.

Details: